000 00953nam a22003017a 4500
003 CHAP
005 20220329134810.0
008 971013s1979 r 00010 d
010 _a26127
011 _a27099
035 _a31200
040 _cCHAP
090 _aFolleto 9191
100 0 0 _aBurnley Horticultural College.
_916239
245 _aCommercial applications of hydroponics
_b: seminar
260 _aBurnley :
_bGobernmemt of Victoria,
_c1979
300 _a(66 p.)
_b: ilus.
490 _aAgriculture note series
_v; 12
590 _aBATCH-UPD
_b10
_c20130110
_lUCH01
_h0209
590 _aBATCH-UPD
_b10
_c20130110
_lUCH01
_h2124
590 _aCONVERSION
_b10
_c20130109
_lUCH01
_h1315
650 1 4 _aHidroponia
_xCongresos.
_955277
830 0 _aAgriculture note series
_v; 12
_92131
901 _aBK
942 _cFOLL
949 _aFolleto 9191
_bBC
_cFOLL
_d-72174
_eTS1
_i31200
_si
949 _aFolleto 9191
_bBC
_cFOLL
_d-72175
_eTS2
_fc.2
_i31200
_si
999 _c26127
_d26127